[Event "Barcelona Tres Peons op-A 15th"]
[Site "Barcelona"]
[Date "2013.03.08"]
[Round "9"]
[White "Valls Marti, Artur"]
[Black "Mateo Moreno, Jesus"]
[Result "1-0"]
[WhiteElo "2148"]
[BlackElo "2073"]
[PlyCount "53"]
[EventDate "2013.01.11"]
[EventType "swiss"]
[EventRounds "9"]
[EventCountry "ESP"]
[SourceTitle "EXT 2014"]
[Source "ChessBase"]
[SourceDate "2013.11.20"]
[SourceVersion "1"]
[SourceVersionDate "2013.11.20"]
[SourceQuality "1"]

1. e4 c5 2. Nf3 d6 3. d4 cxd4 4. Nxd4 Nf6 5. Nc3 g6 6. Be3 Bg7 7. f3 0-0 8. Qd2 Nc6 9. 0-0-0 d5 10. exd5 Nxd5 11. Nxc6 bxc6 12. Nxd5 cxd5 13. Qxd5 Qc7 14. Qxa8 Bf5 15. Qxf8+ Kxf8 16. Rd2 h5 17. Be2 Kg8 18. g3 Kh7 19. Kb1 e5 20. Rc1 Qb7 21. b3 Qb4 22. Kb2 Bf8 23. Bd3 Qa3+ 24. Kb1 a5 25. Bxf5 gxf5 26. Rd5 Bg7 27. Bc5 1-0

[Event "Barcelona Tres Peons op-A 15th"]
[Site "Barcelona"]
[Date "2013.03.01"]
[Round "8"]
[White "Mateo Moreno, Jesus"]
[Black "Cervello Tost, Roger"]
[Result "1-0"]
[WhiteElo "2073"]
[BlackElo "1929"]
[PlyCount "95"]
[EventDate "2013.01.11"]
[EventType "swiss"]
[EventRounds "9"]
[EventCountry "ESP"]
[SourceTitle "EXT 2014"]
[Source "ChessBase"]
[SourceDate "2013.11.20"]
[SourceVersion "1"]
[SourceVersionDate "2013.11.20"]
[SourceQuality "1"]

1. d4 d5 2. c4 e6 3. Nc3 Nf6 4. Bg5 Nbd7 5. cxd5 exd5 6. e3 c6 7. Bd3 Be7 8. Nf3 0-0 9. Qc2 Re8 10. 0-0 h6 11. Bf4 Nf8 12. Rab1 Bd6 13. Bxd6 Qxd6 14. b4 b6 15. Rfc1 Bb7 16. a4 N6d7 17. Rb2 Rac8 18. a5 Rb8 19. h3 Qe7 20. Nd2 Rec8 21. Qb1 Ba8 22. axb6 axb6 23. Na4 Qd6 24. Nf3 Qe7 25. Ba6 Rc7 26. b5 c5 27. dxc5 Nxc5 28. Nxc5 Rxc5 29. Rxc5 Qxc5 30. Rc2 Qd6 31. Qc1 Bb7 32. Rc7 Bxa6 33. bxa6 Kh7 34. Rc8 Rxc8 35. Qxc8 Qe7 36. Qb7 Qxb7 37. axb7 Nd7 38. Kf1 Kg8 39. Nd4 Nb8 40. Ke2 Kf8 41. Kd3 g6 42. Nb5 Nc6 43. Nc7 Ke7 44. Na6 Kd6 45. b8Q+ Nxb8 46. Nxb8 Kc5 47. Nd7+ Kb5 48. Kd4 1-0

[Event "Barcelona Tres Peons op-A 15th"]
[Site "Barcelona"]
[Date "2013.01.18"]
[Round "2"]
[White "Mateo Moreno, Jesus"]
[Black "Cabello Llopis, Joan Emili"]
[Result "1-0"]
[WhiteElo "2073"]
[BlackElo "1942"]
[PlyCount "113"]
[EventDate "2013.01.11"]
[EventType "swiss"]
[EventRounds "9"]
[EventCountry "ESP"]
[SourceTitle "EXT 2014"]
[Source "ChessBase"]
[SourceDate "2013.11.20"]
[SourceVersion "1"]
[SourceVersionDate "2013.11.20"]
[SourceQuality "1"]

1. e4 g6 2. d4 Bg7 3. f4 d5 4. exd5 Qxd5 5. Nf3 Bg4 6. Be2 c6 7. c3 Nh6 8. 0-0 0-0 9. Qe1 Re8 10. Nbd2 Nd7 11. h3 Bf5 12. g4 Bc2 13. Ne5 e6 14. Bf3 Qd6 15. Ndc4 Qc7 16. b3 Nxe5 17. fxe5 Bd3 18. Be2 Bxc4 19. Bxc4 Qe7 20. Qg3 Kh8 21. a4 Rad8 22. h4 Rc8 23. Bg5 Qd7 24. Qf4 Nf5 25. gxf5 gxf5 26. Kh1 Rg8 27. h5 b5 28. h6 Bxh6 29. Bxh6 Rg4 30. Be2 Rxf4 31. Bxf4 Rg8 32. Bf3 b4 33. Rg1 Rg6 34. Rxg6 fxg6 35. Bd2 c5 36. Rd1 Qe7 37. d5 Qh4+ 38. Kg2 f4 39. Be1 Qg5+ 40. Kf1 bxc3 41. Bxc3 Qg3 42. Rd3 Qh3+ 43. Ke2 Qh2+ 44. Kd1 Qg1+ 45. Kc2 Qf2+ 46. Bd2 exd5 47. Bxd5 Qe2 48. e6 h5 49. Bc4 Qe4 50. Kb2 Kh7 51. Bc3 Kh6 52. Rd7 f3 53. Bd2+ g5 54. Bd3 Qe5+ 55. Bc3 Qh2+ 56. Ka3 g4 57. Bf6 1-0

[Event "Barcelona Vila de Gracia op 6th"]
[Site "Barcelona"]
[Date "2012.10.26"]
[Round "4"]
[White "Caballe Sasot, Roger"]
[Black "Mateo Moreno, Jesus"]
[Result "0-1"]
[WhiteElo "1958"]
[BlackElo "2109"]
[PlyCount "58"]
[EventDate "2012.09.28"]
[EventType "swiss"]
[EventRounds "9"]
[EventCountry "ESP"]
[SourceTitle "EXT 2015"]
[Source "ChessBase"]
[SourceDate "2014.11.20"]
[SourceVersion "1"]
[SourceVersionDate "2014.11.20"]
[SourceQuality "1"]

1. f4 Nf6 2. Nf3 g6 3. e3 Bg7 4. Be2 0-0 5. 0-0 d6 6. Nc3 Nbd7 7. d4 c5 8. a4 b6 9. d5 a6 10. Re1 Qc7 11. Kh1 Bb7 12. e4 Rad8 13. Ng5 Rfe8 14. Bf3 h6 15. Nh3 e6 16. dxe6 fxe6 17. Bd2 Nb8 18. Qe2 Nc6 19. Qf2 Nd4 20. Be3 Nxf3 21. gxf3 d5 22. Bd2 dxe4 23. fxe4 Rd4 24. Qg2 Qc6 25. Rad1 Nxe4 26. Nxe4 Rxe4 27. Rxe4 Qxe4 28. Qxe4 Bxe4+ 29. Kg1 Rd8 0-1

[Event "Barcelona op 09"]
[Site "Barcelona"]
[Date "2011.10.07"]
[Round "2"]
[White "Mateo Moreno, Jesus"]
[Black "Munoz Pantoja, Miguel Angel"]
[Result "0-1"]
[WhiteElo "2133"]
[BlackElo "2503"]
[PlyCount "46"]
[EventDate "2011.09.30"]
[EventType "swiss"]
[EventRounds "6"]
[EventCountry "ESP"]
[SourceTitle "EXT 2013"]
[Source "ChessBase"]
[SourceDate "2012.11.22"]
[SourceVersion "1"]
[SourceVersionDate "2012.11.22"]
[SourceQuality "1"]

1. d4 Nf6 2. e3 g6 3. Bd3 Bg7 4. f4 0-0 5. Nf3 c5 6. 0-0 d6 7. c3 Nc6 8. dxc5 dxc5 9. e4 e5 10. Qc2 Qe7 11. fxe5 Ng4 12. Bg5 Qc7 13. Bf4 h6 14. Na3 g5 15. Nb5 Qb6 16. e6 c4+ 17. Nfd4 cxd3 18. exf7+ Rxf7 19. Qb3 Nxd4 20. Qxf7+ Kxf7 21. Bc7+ Nf3+ 22. Kh1 Qg1+ 23. Rxg1 Nf2# 0-1